| 000 | 01244nam a22002177a 4500 | ||
|---|---|---|---|
| 005 | 20240724233237.0 | ||
| 008 | s2551 th tha d | ||
| 041 | _atha | ||
| 050 | _aTL228 บ113ก 2551 | ||
| 100 | 0 | _aชาติ ไชยสิทธิ์ | |
| 245 | 1 | 0 |
_aการพัฒนาเทคโนโลยีการผลิตแก๊สชีวมวลเพื่อนำไปสู่การผลิตกระแสไฟฟ้าในเครื่องยนต์สันดาปภายใน สำหรับชุมชน : _bDevelopment gaslfication technology for produce electricity with gasengine to community |
| 260 | 3 |
_aกรุงเทพฯ : _bมหาวิทยาลัยนเรศวร, _c2551 |
|
| 300 |
_a47 หน้า : _b ภาพประกอบ, ตาราง ; _c 29 ซม. |
||
| 650 | 0 | 4 | _aพลังงานชีวมวล -- วิจัย |
| 650 | 0 | 4 | _aก๊าซธรรมชาติ -- วิจัย |
| 850 | _aNALT | ||
| 942 | _cRSH | ||
| 997 | _aบ22629 | ||
| 997 | _c000000000060472 | ||
| 998 | _aนางสาวชัชฎา จูฑะรักษ์ | ||
| 999 |
_c60472 _d60472 |
||